=LDR 00000nam 2200000 4500 =001 INLIS000000000029126 =005 20200511082710 =035 ##$$a 0010-061300000029126 =008 200511################g##########0#ind## =041 ##$$a Ind =082 ##$$a 2x4.139 =090 ##$$a 523.304, Naw-r =100 ##$$a Nawawi, Salam Abd =245 1#$$a Rukyat hisab di kalangan NU Muhammadiyah, : $b Meredam konflik dalam menetapkan hilal /$c H. Abd Salam Nawawi =260 ##$$a Surabaya :$b Diantama,$c 2004 =300 ##$$a x, 147 hlm ; $c 18 x 12 cm. =650 #4$$a Puasa-Islam =850 ##$$a NBPNMAT =020 ##$$a 979-9168-82-1 =084 ##$$a 2x4.139 NAW r =990 ##$$a 20800335 =990 ##$$a 20800334 =990 ##$$a 20800332 =990 ##$$a 20800333